A tenger : regény II.
Uložené v:
| Hlavný autor: | |
|---|---|
| Médium: | Kniha |
| Jazyk: | Hungarian |
| Vydané: |
[Budapest] :
Szépirodalmi Könyvkiadó,
1956.
|
| Vydanie: | 2. kiad. |
| ISBN: |
(viaz.) |
| Fyzický popis: |
372 s. |
| Tagy: |
Pridať tag
Žiadne tagy, Buďte prvý kto otaguje tento záznam!
|
Titul je dostupný aj v ... 

MARC
| LEADER | 00000nam a22000004a 4500 | ||
|---|---|---|---|
| 001 | 000580310 | ||
| 005 | 20180516183639.0 | ||
| 008 | 180516s1956 hu e 000 0 hun d | ||
| 020 | |a (viaz.) |c Kčs 12,50 | ||
| 040 | |a SVKKK |b slo |c SVKKK |e AACR2 | ||
| 041 | 0 | |a hun | |
| 044 | |a hu |c HU | ||
| 100 | 1 | |a Fehér, Klára, |d 1922-1996 |4 aut | |
| 245 | 1 | 2 | |a A tenger : |b regény |n II. |c Klára Fehér. |
| 250 | |a 2. kiad. | ||
| 260 | |a [Budapest] : |b Szépirodalmi Könyvkiadó, |c 1956. | ||
| 300 | |a 372 s. | ||
| 910 | |a svkkk | ||
| 998 | |a BK | ||
| 090 | |g SCKHL |k Sklad Pribinova 2. posch. |a III.40028 |j 124352 |i 2720536733 |s Vyradená | ||